000 00352nam a22001097a 4500
082 _a346.5491029
_bKHA
100 _aKhan, Azhar Hanif
245 _aPower of Attorney Act, 1882:
_bwith all amendments & up to date case law /
_cAzhar Hanif Khan
260 _aLahore :
_bAl-Noor Law Book House,
_cN.A.
300 _a61 p. ;
_c23 cm.
942 _2ddc
_cBK
999 _c592358
_d592358